| Поле | Инд. | ПП | Название | Значение |
|---|---|---|---|---|
| Тип записи | a | |||
| Библиографический уровень | m | |||
| 001 | Контрольный номер | RU/IS/BASE/403692825 | ||
| 005 | Дата корректировки | 20230309145258.4 | ||
| 040 | b | Код языка каталог. | rus | |
| 041 | 0_ | a | Код языка текста | rus |
| 080 | a | Индекс УДК | 004.42 | |
| 084 | a | Индекс другой классификации/Индекс ББК | 32.973 | |
| 090 | a | Полочн. индекс | 681.3 | |
| x | Авторский знак | Х98 | ||
| 097 | b | Оператор | 11 | |
| 100 | 1_ | a | Автор | Хьюз Ч. Е. |
| 245 | 10 | a | Заглавие | Методы программирования: курс на основе Фортрана |
| c | Ответственность | пер. с англ. Ю. В. Ступина ; под ред. Ю. М. Баяковского | ||
| 260 | a | Место издания | М. | |
| b | Издательство | Мир | ||
| c | Дата издания | 1981 | ||
| 300 | a | Объем | 331 с. | |
| 440 | _0 | a | Серия | Материальное обеспечение ЭВМ |
| 510 | 0_ | a | Примечание о ссылках | Книги и методические пособия |
| 650 | 04 | a | Основная рубрика | 50.05 Теоретические основы программирования |
| x | Основная подрубрика | 50.05.09 Языки программирования | ||
| 653 | 0_ | a | Ключевые слова | Фортран; языки программирования; программирование |
| 700 | 1_ | a | Другие авторы | Пфлигер Ч. |
| 700 | 1_ | a | Другие авторы | Роуз Л. |
| 901 | t | Тип документа | m |